Ley municipal declarada obligatoria por decreto del gobierno provisional de 21 de octubre de 1868 / (Record no. 183919)

MARC details
000 -LEADER
campo de control de longitud fija 01094nam a2200217 i 4500
001 - NÚMERO DE CONTROL
campo de control 183919
003 - IDENTIFICADOR DE NÚMERO DE CONTROL
campo de control ES-MaACL
005 - FECHA Y HORA DE LA ÚLTIMA TRANSACCIÓN
campo de control 20250809015205.0
008 - DATOS DE LONGITUD FIJA--INFORMACIÓN GENERAL
campo de control de longitud fija 141127s1868 sp |||| | spa d
245 00 - MENCIÓN DEL TÍTULO
Título Ley municipal declarada obligatoria por decreto del gobierno provisional de 21 de octubre de 1868 /
Mención de responsabilidad, etc. con notas y observaciones por un abogado del colegio de Madrid.
260 ## - PUBLICACIÓN, DISTRIBUCIÓN, ETC.
Lugar de publicación, distribución, etc. Madrid :
Nombre del editor, distribuidor, etc. [s.n.],
Fecha de publicación, distribución, etc. 1868 (
Fabricante Imprenta de los Señores Rojas)
300 ## - DESCRIPCIÓN FÍSICA
Extensión 74, 40, 59 p. ;
Dimensiones 13 cm.
500 ## - NOTA GENERAL
Nota general En la cubierta: Ley Municipal ; Ley orgánica provincial ; Decreto sobre el ejercicio del sufragio universal.
500 ## - NOTA GENERAL
Nota general Cada parte con portadilla y paginacion independiente.
505 8# - NOTA DE CONTENIDO CON FORMATO
Nota de contenido con formato Contiene: Ley Municipal (74 p.) .- Ley orgánica provincial (40 p.) .- Decreto sobre el ejercicio del sufragio universal (59 p.)
650 04 - PUNTO DE ACCESO ADICIONAL DE MATERIA--TÉRMINO DE MATERIA
Término de materia o nombre geográfico como elemento de entrada Administración local-
Subdivisión geográfica España-
Subdivisión de forma Legislación.
9 (RLIN) 9635
650 ## - PUNTO DE ACCESO ADICIONAL DE MATERIA--TÉRMINO DE MATERIA
Término de materia o nombre geográfico como elemento de entrada Administración provincial-
Subdivisión geográfica España.
9 (RLIN) 148419
650 #4 - PUNTO DE ACCESO ADICIONAL DE MATERIA--TÉRMINO DE MATERIA
Término de materia o nombre geográfico como elemento de entrada Derecho electoral-
Subdivisión geográfica España
9 (RLIN) 11705
852 1# - LOCALIZACIÓN
Ubicación BA
Número de control de estantería T-1296-F-1
Nota libre .- Donat. Bosch
Holdings
Estatus retirado Estado de pérdida Estado de daño No para préstamo Colección Biblioteca de origen Biblioteca actual Ubicación en estantería Fecha de adquisición Fuente de adquisición Total de préstamos Signatura topográfica completa Código de barras Visto por última vez Precio de reemplazo Tipo de ítem Koha
        Colección de folletos Biblioteca del Ateneo de Madrid Biblioteca del Ateneo de Madrid Depósito folletos 27/11/2014     T-1296-F-1 1193395 23/02/2023 23/02/2023 Folleto